000 00720nam a22002177a 4500
003 NUST - PNEC
005 20170116180858.0
008 150831b xxu||||| |||| 00| 0 eng d
020 _a9788131785942
020 _a9789332518223
040 _cLIBRARY
082 _a658.403405 TAH
100 _96169
_aTaha, Hamdy A.
245 _aOperations Research an introduction
_cHamdy A. Taha
250 _a9th ed.
260 _cc 2012
300 _a816 p. :
650 _96170
_aManagement information science
_xMIS
_bOperation research
856 _uhttp://www.amazon.com/Operations-Research-Introduction-Hamdy-Taha/dp/933251822X/ref=sr_1_1?s=books&ie=UTF8&qid=1455691967&sr=1-1&keywords=9789332518223
942 _2ddc
_cBK
999 _c64891
_d64891